000 00535nam a2200193Ia 4500
005 20250508151850.0
008 008 250505s9999 xx 000 0 rus d
037 _aBooks to be hide in OPAC
040 _aFEDL
_beng
_cFEDL
041 _arus
_2eng
084 _a372, RUS/O
_qFEDL
100 _aLynevci
_9760189
245 0 _aGeometry collection of probs: Text books for classes 4th to 6th
260 _c1955
300 _a157p.
700 _a Urusov
_9760190
942 _cHB
_h372, RUS/O
999 _c1332584
_d1332584